000 00431nam a2200169Ia 4500
003 GCL
008 140319s9999 xx 000 0 ara d
040 _aGCL /
_cGCL
082 0 4 _a813.03
_bع ا
100 1 _aعاصم جادالله
245 1 0 _aالى الشمس فى جنازة /
_cعاصم جادالله
300 _a135 ص
490 _a
650 0 4 _aالادب العربى
650 0 4 _aالقصص
942 _2ddc
_cBK
999 _c38258
_d38258